000 00715nam a2200241 a 4500
001 000013075
003 DO-SdBNP
005 20240530073916.0
007 ta
008 091120s2002 dr r 000 0 spa d
040 _aDO-SdBNP
_bspa
_cBNPHU
082 4 _aRD863.44
_bS474q, 2002
_222
100 1 _aSención, Viriato,
_d1941-
_927776
245 1 4 _aLos que falsificaron la firma de Dios /
_cViriato Sención.
250 _a3a. ed.
260 _aSanto Domingo :
_bEditora de Colores,
_c2002.
300 _a314 p. ;
_c21 cm.
590 _aInventariado, 2019/VM
650 0 _aNovela dominicana
_9223
650 0 _aLiteratura dominicana.
_967
910 _aValidado. Control de calidad. MMOLINA
942 _2ddc
_cLBS1
999 _c12717
_d12717